000
00365nam a22001577a 4500
003
MPLRDC
005
20220104125218.0
008
210129b ||||| |||| 00| 0 eng d
082
_a
857.9 QH-14 v.2
100
_a
秦红
245
_a
九品武功. 中
_c
260
_a
_b
同兴书局
_c
300
_b
平
650
_a
武侠小说
942
_c
BK
_o
857.9 QH-14 v.2
999
_c
25550
_d
25540